Name The Clare Siobhan Sims* - Statistics

General Stats
  • This quiz has been taken 41 times
  • The average score is 17 of 25
Answer Stats
Hint Answer % Correct
Gen 3 Lillith Villareal
100%
Gen 1 Ali Aiken
97%
Gen 3 Abel Villareal
94%
Gen 1 Clare Siobhan
94%
Gen 2 James Callery-Aiken
94%
Gen 3 Charlotte-Rose Callery-Aiken
91%
Gen 2 Emily Robins
91%
Gen 2 Emma Villareal
91%
Gen 2 Max Villareal
91%
Gen 2 Salma Al Arabi
88%
Gen 2 Jessica Jett
85%
Gen 3 Connor Callery-Aiken
82%
Gen 3 Faith Robins
82%
Gen 2 Roxy Jett
82%
Gen 2 Taylor Robins
76%
Gen 3 Ryder Jett
74%
Gen 3 Ciara Fisher
59%
Gen 4 Noelle Street
53%
Gen 3 Anthony Fisher
44%
Gen 3 Luna Iskadar
41%
Gen 3 Macy Datta
29%
Gen 3 Jaime Street
26%
Gen 4 Carrie Fisher
15%
Gen 4 Amelia Black
3%
Gen 4 Blanca Black
3%
No matching quizzes found
Score Distribution
Percent of People with Each Score
Percentile by Number Answered
Your Score History
You have not taken this quiz